| 000 | 00441nam a2200181Ia 4500 | ||
|---|---|---|---|
| 001 | 7922 | ||
| 005 | 20260306160531.0 | ||
| 008 | 260306t1970||||xx |||||||||||||| ||spa|| | ||
| 041 | _aESP | ||
| 082 |
_a363.8 _bA176 |
||
| 100 |
_aAsociación de Científicos Alemanes _eAUT |
||
| 245 | 0 | _aLa amenaza mundial del hambre | |
| 260 | _c1970 | ||
| 300 |
_a199 páginas : _c18 cm. |
||
| 650 | _aGEN | ||
| 654 | _aCIA | ||
| 942 |
_cLIB _dJUS _fJUS _2ddc _n |
||
| 999 |
_c7922 _d7922 |
||